000 01277nam a22003134a 4500
001 519
003 BR-RjBN
005 20260520125634.0
008 980101s1998 rj 000 f por d
020 _a8574020281
040 _bpor
_aBR-IBIA
_cBR-IBIA
_erda
041 1 _apor
_heng
082 _a823
_bA933o
100 1 _aAusten, Jane,
_d1775-1817.
_992
240 1 0 _aPride and Prejudice.
245 1 0 _aOrgulho e preconceito /
_cJane Austen ; tradução Lúcio Cardoso.
260 _aRio de Janeiro :
_bEdiouro ;
_aSão Paulo :
_bPublifolha,
_c1998.
300 _a-- p. ;
_c21 cm.
490 1 _aClássicos da Literatura Universal ;
_v6
520 _aClássico da literatura inglesa, a obra acompanha Elizabeth Bennet e sua relação conturbada com o reservado Sr. Darcy. Em meio às convenções sociais e expectativas da Inglaterra do século XIX, Jane Austen constrói uma narrativa marcada por ironia, romance e crítica social, abordando temas como casamento, orgulho, preconceito e posição social.
650 0 _aLiteratura inglesa.
_989
650 0 _aRomance.
650 0 _aRelacionamentos amorosos.
_91098
650 0 _aCrítica social.
_9514
655 0 _aFicção clássica.
655 0 _aFicção.
_922
700 1 _aCardoso, Lúcio,
_etrad.
942 _2ddc
_n0
_cBK
999 _c519
_d519